<?xml version="1.0" encoding="UTF-8"?>
<marc:record xmlns:marc="http://www.loc.gov/MARC21/slim">
   <marc:leader>00000nam a2200000 a 4500</marc:leader>
   <marc:datafield ind1="1" ind2=" " tag="100">
      <marc:subfield code="a">Lind, Hera</marc:subfield>
      <marc:subfield code="4">aut</marc:subfield>
      <marc:subfield code="e">Verfasser/-in</marc:subfield>
   </marc:datafield>
   <marc:datafield ind1="0" ind2="0" tag="245">
      <marc:subfield code="a">Um jeden Preis</marc:subfield>
   </marc:datafield>
   <marc:datafield ind1="0" ind2="0" tag="245">
      <marc:subfield code="b">Roman nach einer wahren Geschichte</marc:subfield>
   </marc:datafield>
   <marc:datafield ind1="0" ind2="0" tag="245">
      <marc:subfield code="c">Lind, Hera</marc:subfield>
   </marc:datafield>
   <marc:datafield ind1=" " ind2="1" tag="264">
      <marc:subfield code="a">München</marc:subfield>
      <marc:subfield code="b">Knaur</marc:subfield>
      <marc:subfield code="c">2025</marc:subfield>
   </marc:datafield>
   <marc:datafield ind1=" " ind2=" " tag="250">
      <marc:subfield code="a">Originalausgabe</marc:subfield>
   </marc:datafield>
   <marc:datafield ind1="1" ind2=" " tag="520">
      <marc:subfield code="a">1944 beginnt für die 16-jährige Schwarzmeer-Deutsche Lydia ein Albtraum, der nicht enden will: Als die Rote Armee auf ihr kleines Dorf bei Odessa in der Ukraine vorrückt, flieht die Familie, sie schafft es sogar bis nach Deutschland! Doch sie werden zurückgeholt. Mit Mutter und vier Geschwistern wird Lydia bei minus 50 Grad nach Sibirien verschleppt. Zwölf unbarmherzige Jahre lang kämpft sie in einem Gulag ums Überleben  und wird Mutter von acht Kindern, von denen sechs überleben. Als man sie endlich aus dem Lager entlässt, ist der Eiserne Vorhang dicht. Weitere 12 Jahre irrt sie mit den Kindern durch die Sowjetunion, immer nur ein Ziel vor Augen: um jeden Preis mit ihnen nach Westdeutschland gelangen, auch wenn sie da noch nie war. Deutschland ist ihre Heimat!</marc:subfield>
   </marc:datafield>
   <marc:datafield ind1=" " ind2=" " tag="020">
      <marc:subfield code="a">9783426528396</marc:subfield>
      <marc:subfield code="9">9783426528396</marc:subfield>
   </marc:datafield>
   <marc:datafield ind1=" " ind2=" " tag="020">
      <marc:subfield code="a">3426528398</marc:subfield>
      <marc:subfield code="9">3426528398</marc:subfield>
   </marc:datafield>
   <marc:datafield ind1=" " ind2=" " tag="041">
      <marc:subfield code="a">ger</marc:subfield>
   </marc:datafield>
   <marc:datafield ind1=" " ind2=" " tag="338">
      <marc:subfield code="a">Band</marc:subfield>
   </marc:datafield>
   <marc:datafield ind1=" " ind2=" " tag="300">
      <marc:subfield code="a">526 Seiten</marc:subfield>
   </marc:datafield>
</marc:record>
